| 000 | 00000nam##2200000za#4500 |
| 001 | 9.640403 |
| 003 | CaOODSP |
| 005 | 20210624222642 |
| 007 | cr ||||||||||| |
| 008 | 150407|1999||||xxc|||||o f|0| 0 fre|d |
| 040 | |aCaOODSP|bfre |
| 043 | |an-cn--- |
| 086 | 1 |aH39-465/1999F-PDF |
| 110 | 1 |aCanada. |bSanté Canada. |
| 245 | 13|aLe tabagisme chez les jeunes : |h[ressource électronique]|bleçons tirées de la Stratégie de réduction de la demande de tabac |
| 260 | |aOttawa - Ontario : |bSanté Canada |cc1999. |
| 500 | |aLe nº de catalogue (H39-465-1999F) et l'ISBN (0-662-83516-6) de l'édition imprimée ont été incorrectement copiés dans cette édition électronique. |
| 590 | |a12-26-Supp|b2012-06-07 |
| 691 | 07|aJeunesse|2gcpds |
| 691 | 07|aPrévention du tabagisme|2gcpds |
| 691 | 07|aTabagisme|2gcpds |
| 775 | 08|tYouth and tobacco : |w(CaOODSP)9.696282 |
| 856 | 40|ahttp://publications.gc.ca|qPDF|s935 Ko|uhttps://publications.gc.ca/collections/Collection/H39-465-1999F.pdf |